Thuật toán và độ phức tạp thuật toán

Giới thiệu về thuật toán và độ phức tạp. Chia để trị, quy hoạch động. Thuật toán tham lam. Các thuật toán đồ thị cơ bản

Đã lưu trong:
書目詳細資料
主要作者: Vũ Đình Hoà
其他作者: Đỗ Trung Kiên
格式: 圖書
語言:Vietnamese
出版: H. Đại học Sư phạm 2007
主題:
標簽: 添加標簽
沒有標簽, 成為第一個標記此記錄!
Thư viện lưu trữ: Trung tâm Học liệu Lê Vũ Hùng, Trường Đại học Đồng Tháp
LEADER 01065pam a22002658a 4500
001 00025867
005 20171026081022.0
008 110811s2007 ||||||viesd
020 |c 24000 
041 0 # |a vie 
082 1 4 |a 518  |b TH504T 
100 1 # |a Vũ Đình Hoà 
245 1 0 |a Thuật toán và độ phức tạp thuật toán  |c Vũ Đình Hoà, Đỗ Trung Kiên 
260 # # |a H.  |b Đại học Sư phạm  |c 2007 
300 # # |a 143 tr.  |b bảng  |c 24 cm. 
504 # # |a Thư mục: tr. 143 
520 3 # |a Giới thiệu về thuật toán và độ phức tạp. Chia để trị, quy hoạch động. Thuật toán tham lam. Các thuật toán đồ thị cơ bản 
650 # 4 |a Giáo trình 
650 # 4 |a Thuật toán 
700 1 # |a Đỗ Trung Kiên 
852 # # |b Kho mượn  |j KM.0003975, KM.0003976 
852 # # |b Kho đọc  |j KD.0010712 
852 # # |j KM.0003975  |j KD.0010712  |j KM.0003976 
910 |d 11/08/2011 
980 # # |a Trung tâm Học liệu Lê Vũ Hùng, Trường Đại học Đồng Tháp